Review of the Ministry of Education sector plan (Record no. 80220)

MARC details
000 -LEADER
fixed length control field 01055nam a2200193 a 4500
008 - FIXED-LENGTH DATA ELEMENTS--GENERAL INFORMATION
fixed length control field 090519s2007 ||||||||||||||||| || u
050 ## - LIBRARY OF CONGRESS CALL NUMBER
Classification number GOV.ZAM(058)SP/2007A
110 ## - MAIN ENTRY--CORPORATE NAME
Corporate name or jurisdiction name as entry element Government of the Republic of Zambia. Ministry of Education
245 10 - TITLE STATEMENT
Title Review of the Ministry of Education sector plan
Statement of responsibility, etc. By Ministry of Education (MOE)
260 ## - PUBLICATION, DISTRIBUTION, ETC.
Place of publication, distribution, etc. Lusaka:
Name of publisher, distributor, etc. MK Circle Ent
Date of publication, distribution, etc. 2007
300 ## - PHYSICAL DESCRIPTION
Extent viii, 70p. ;ill
350 ## -
-- 0.00
650 ## - SUBJECT ADDED ENTRY--TOPICAL TERM
Topical term or geographic name entry element EDUCATION REPORT--ZAMBIA
650 ## - SUBJECT ADDED ENTRY--TOPICAL TERM
Topical term or geographic name entry element SYSTEM MANAGEMENT--EDUCATION--ZAMBIA
650 ## - SUBJECT ADDED ENTRY--TOPICAL TERM
Topical term or geographic name entry element EDUCATIONAL PLANNING--ZAMBIA
995 ## -
-- SPECIAL COLLECTIONS
-- 0.00
-- 03004035
-- CBU-MAIN LIBRARY (Kitwe)
-- 1
-- 0.00
-- GOV.ZAM(058)SP/2007B
-- 2
-- AVAILABLE
-- May 21, 2009
-- 03004035
-- Zambiana Collection
995 ## -
-- SPECIAL COLLECTIONS
-- 0.00
-- 03007202
-- CBU-MAIN LIBRARY (Kitwe)
-- 1
-- 0.00
-- GOV.ZAM(058)2007C
-- 3
-- AVAILABLE
-- Oct 18, 2010
-- 03007202
-- Zambiana Collection
995 ## -
-- SPECIAL COLLECTIONS
-- 0.00
-- 03004025
-- CBU-MAIN LIBRARY (Kitwe)
-- 1
-- 0.00
-- GOV.ZAM(058)SP/2007A
-- 1
-- AVAILABLE
-- May 20, 2009
-- 03004025
-- Zambiana Collection
999 ## -
-- 80220
-- 80220
Holdings
Withdrawn status Lost status Source of classification or shelving scheme Damaged status Not for loan Permanent Location Current Location Shelving location Date acquired Total Checkouts Full call number Barcode Date last seen Copy number Price effective from Koha item type
          CBU-MAIN LIBRARY, KITWE. CBU-MAIN LIBRARY, KITWE.   06/29/2023   GOV.ZAM(058)SP/2007B 03004035 06/29/2023 1 06/29/2023 SPECIAL COLLECTION
          CBU-MAIN LIBRARY, KITWE. CBU-MAIN LIBRARY, KITWE.   06/29/2023   GOV.ZAM(058)SP/2007C 03007202 06/29/2023 2 06/29/2023 SPECIAL COLLECTION
          CBU-MAIN LIBRARY, KITWE. CBU-MAIN LIBRARY, KITWE.   06/29/2023   GOV.ZAM(058)SP/2007A 03004025 06/29/2023 3 06/29/2023 SPECIAL COLLECTION